[Pronunciation Features of General American English and Received Pronunciation in Relation to Standard Slovak]
Recenzia na monografiu, ktorá sa zaoberá dvomi geografickými variantmi angličtiny konkrétne British English – English English s výslovnostnou varietou RP (Received Pronunciation) a North American English – U.S. English s výslovnostnou varietou GA (General American). Hlavným cieľom monografie je skú...
Guardado en:
| Autor principal: | |
|---|---|
| Formato: | Capítulo de libro |
| Lenguaje: | eslovaco |
| Materias: | |
| Etiquetas: |
Sin Etiquetas, Sea el primero en etiquetar este registro!
|
MARC
| LEADER | 00000naa a2200000 4500 | ||
|---|---|---|---|
| 001 | 0246837 | ||
| 005 | 20240502073947.6 | ||
| 041 | 0 | |a slo | |
| 044 | |a SK | ||
| 245 | 1 | 0 | |a [Pronunciation Features of General American English and Received Pronunciation in Relation to Standard Slovak] |c Zuzana Hrdličková |
| 520 | |a Recenzia na monografiu, ktorá sa zaoberá dvomi geografickými variantmi angličtiny konkrétne British English – English English s výslovnostnou varietou RP (Received Pronunciation) a North American English – U.S. English s výslovnostnou varietou GA (General American). Hlavným cieľom monografie je skúmať vokalické subsystémy oboch geografických variantov angličtiny, porovnať ich a zistiť, ktorý z nich je bližší vokalickému subsystému spisovnej slovenčiny, t.j. jazyku písanej podoby a úradnej oficiálnej komunikácie. | ||
| 610 | 2 | 0 | |a recenzie |
| 610 | 2 | 0 | |a gramatika |
| 610 | 2 | 0 | |a jazyky cudzie |
| 610 | 2 | 0 | |a angličtina |
| 610 | 2 | 0 | |a komunikácia |
| 100 | 1 | |a Hrdličková, Zuzana | |